Fußball Spieler mit den meisten Social-Media Followern - Statistiken

Allgemein
  • Dieses Quiz wurde 90 mal gespielt
  • Das Durchschnittsergebnis liegt bei 3 aus 10
Antwortstatistiken
Follower Spieler % Korrekt
403.299.352 Cristiano Ronaldo
100%
212.769.885 Lionel Messi
77%
243.984.926 Neymar
77%
72.523.132 Zlatan Ibrahimović
9%
71.482.626 Karim Benzema
7%
76.493.039 Sergio Ramos
5%
93.560.333 James Rodríguez
2%
78.175.730 Mesut Özil
2%
82.946.354 Andrés Iniesta
1%
88.051.763 Gareth Bale
1%
Keine übereinstimmenden Quizze gefunden
Verteilung der Resultate
Anzahl Personen mit jedem Resultat
Perzentil nach korrekt beantworteten Fragen
Ihre Resultats-Entwicklung
Sie haben dieses Quiz noch nicht gespielt